| 000 | 00563nam a22002057a 4500 | ||
|---|---|---|---|
| 003 | KOHA_MİRAKIL | ||
| 005 | 20260331125536.0 | ||
| 008 | 260331b tu ||||| |||| 00| 0 tur d | ||
| 020 | _a9786058352148 | ||
| 040 |
_aTR-AnABB _btur _cTR-AnABB |
||
| 041 | _atur | ||
| 082 |
_a813.42 _bOZR 2017 |
||
| 100 | 1 | _aÖzer, Ahmet | |
| 245 | 1 | 0 |
_aÇocuklar Varken / _cAhmet Özer |
| 260 |
_aAnkara : _bKıyı dergisi yayınları, _c2017 |
||
| 300 |
_a79 sayfa ; _c20 cm |
||
| 500 | _ayazar imzalı | ||
| 650 | 0 | 4 | _aTürk edebiyatı,roman |
| 942 |
_2ddc _cBK |
||
| 999 |
_c10133 _d10133 |
||
| 900 | _bCem ÖZOGLU | ||